Taylor Swift Speak Now (TV) - Sudden Death - Statistics

General Stats
  • This quiz has been taken 141 times
  • The average score is 17 of 22
Answers on the Grid
Answers color-coded by a green-red scale on the quiz's grid according to % correct below.
Moth To A Flame
Electric Touch
Haunted
Back To December
Ours
19
Foolish One
When Emma Falls In Love
Castles Crumbling
I Can See You
The Demise Of Your Roses
Timeless
Mine
Innocent
Better Than Revenge
Today Was A Fairytale
Speak Now
Confessions Of Love
Mean
Sparks Fly
Dear John
Never Grow Up
Wonderstruck
The Story Of Us
Fighting Dragons
Enchanted
Long Live
Last Kiss
Superman
Life In Pictures
 
Answer Stats
Answer % Correct
Back To December
93%
Haunted
93%
Ours
88%
Castles Crumbling
86%
Electric Touch
86%
When Emma Falls In Love
86%
I Can See You
84%
Better Than Revenge
82%
Mine
81%
Speak Now
80%
Foolish One
78%
Innocent
77%
Timeless
77%
Sparks Fly
74%
Dear John
73%
Mean
73%
Enchanted
71%
Long Live
71%
Never Grow Up
70%
The Story Of Us
70%
Last Kiss
68%
Superman
63%
No matching quizzes found
Score Distribution
Percent of People with Each Score
Percentile by Number Answered
Your Score History
You have not taken this quiz